| 000 | 00995 a2200445 4500 | ||
|---|---|---|---|
| 000 | BKB | ||
| 001 | 137334 | ||
| 005 | 20200902153223.0 | ||
| 008 | |||
| 010 | _a | ||
| 020 | _a9780521662215 | ||
| 082 |
_a621.3678 _bA17R |
||
| 100 | 1 | _aAdams, John B. | |
| 110 | _a | ||
| 245 | 1 |
_aRemote sensing of landscape with spectral image _cby John B. Adams and Alans Gillespie |
|
| 250 | _a | ||
| 260 |
_aCambridge _bCambridge University Press _c2006 |
||
| 300 | _a362p. | ||
| 490 |
_a _v |
||
| 500 | _a | ||
| 600 | _a | ||
| 610 | _a | ||
| 611 | _a | ||
| 630 | _aEnvironmental Science | ||
| 650 | _a | ||
| 651 | _a | ||
| 654 | _a | ||
| 690 | _aRemote sensing; Landscape assessment; Multispectral imaging | ||
| 700 |
_aGillespie, Alans _b _c |
||
| 710 |
_a _b _c |
||
| 711 | _a | ||
| 720 | _a | ||
| 730 | _a | ||
| 740 | _a | ||
| 752 | _a | ||
| 856 |
_a _d _f |
||
| 904 | _a | ||
| 964 |
_a _b _c _d _e _f _g |
||
| 965 | _a | ||
| 999 |
_c10325 _d10325 |
||